000 00593nam a22002417a 4500
003 UA-OsUOA
001 29589
007 ta
008 20041013b un ||||| |||| 00| 0 ukr d
100 _aВартанов Г.И.
090 _a82.09(477)
_bВ18
942 _cBK
040 _aUA-OsUOA
_brus
_cUA-OsUOA
_dUA-OsUOA
245 _aЯрослав Галан
_bОчерк жизни и творчства
300 _a108 с.
955 _a0
041 _arus
080 _a82.09(477)
260 _aЛьвов
_bКаменяр
_c1985
044 _aRU
650 7 _2UDC
999 _c315981
_d315981